000 00626nam a22001817a 4500
005 20260409131957.0
008 260409b |||||||| |||| 00| 0 eng d
040 _aLC
_cUNZA
_dUNZA
_eRDA
050 _aZAMB EDE DT3. E33
100 _aEden, Charles H.
245 _aAfrica, seen through its explorers/
_cCharles H. Eden.
260 _aLondon:
_b London: society for promoting Christian knowledge,
300 _axiv, 322 pages:
_billustrations.
504 _aIncludes Index.
650 _aexplorers
_xDescriptions and travel
_zAfrica
710 _asociety for promoting Christian knowledge.
_ePublisher.
942 _cZAMBIANA
999 _c216569
_d216569